[Event "Nordic-ch"]
[Site "Sarpsborg"]
[Date "2019.06.24"]
[Round "5"]
[White "Ogaard, Leif"]
[Black "Al Tarbosh, Ward"]
[Result "1-0"]
[WhiteElo "2385"]
[BlackElo "2250"]
[PlyCount "71"]
[EventDate "2019.06.21"]
[EventType "swiss"]
[EventRounds "9"]
[EventCountry "NOR"]
[SourceTitle "CBM 191 Extra"]
[Source "ChessBase"]
[SourceDate "2019.09.30"]
[SourceVersion "1"]
[SourceVersionDate "2019.09.30"]
[SourceQuality "1"]

1. Nf3 d5 2. d4 Nc6 3. c4 Bg4 4. cxd5 Bxf3 5. gxf3 Qxd5 6. e3 e5 7. Nc3 Bb4 8. Bd2 Bxc3 9. bxc3 exd4 10. cxd4 Nf6 11. Bg2 0-0 12. 0-0 Rfe8 13. Rb1 Rad8 14. Qb3 Qf5 15. Rbc1 Rd6 16. Rc5 Qg6 17. Qc2 Qh6 18. f4 Qh4 19. Qf5 h6 20. f3 b6 21. Be1 Qxe1 22. Rxe1 bxc5 23. Qxc5 Nxd4 24. Qxc7 Rde6 25. Qc5 Nc6 26. Rd1 Ne7 27. e4 Rb6 28. f5 Nc6 29. Rd2 Ne5 30. Kf2 Nh5 31. Qc7 Ra6 32. Bf1 Ra3 33. Be2 Kh7 34. Qc5 Ra4 35. Qb5 Ng4+ 36. fxg4 1-0

[Event "NOR-chT 1819"]
[Site "Norway"]
[Date "2019.03.08"]
[Round "7.2"]
[White "Tryggestad, Andreas Garberg"]
[Black "Ogaard, Leif"]
[Result "0-1"]
[WhiteElo "2343"]
[BlackElo "2382"]
[PlyCount "88"]
[EventDate "2018.11.02"]
[EventType "team-tourn"]
[EventRounds "9"]
[EventCountry "NOR"]
[SourceTitle "CBM 189 Extra"]
[Source "ChessBase"]
[SourceDate "2019.06.03"]
[SourceVersion "1"]
[SourceVersionDate "2019.06.03"]
[SourceQuality "1"]
[WhiteTeam "Nordstrand"]
[BlackTeam "OSS"]
[WhiteTeamCountry "NOR"]
[BlackTeamCountry "NOR"]

1. d4 Nf6 2. c4 e6 3. Nf3 d5 4. Nc3 Be7 5. Bg5 0-0 6. Qc2 Nbd7 7. cxd5 exd5 8. e3 c6 9. Bd3 Re8 10. h3 Nf8 11. 0-0-0 Be6 12. Bf4 Rc8 13. Kb1 b5 14. g4 Qa5 15. Nd2 a6 16. Bh2 c5 17. dxc5 Bxc5 18. Nb3 Qb6 19. Nxc5 Rxc5 20. Qd2 Ne4 21. Bxe4 dxe4 22. Qd4 Qc6 23. Qd6 Bc4 24. b4 Bd3+ 25. Rxd3 exd3 26. Qxc6 Rxc6 27. Nd5 d2 28. Rd1 Rh6 29. Bg3 Rxh3 30. Nc7 Re4 31. Nxa6 Rh6 32. Nc7 Rc6 33. Nd5 Rc1+ 34. Rxc1 dxc1Q+ 35. Kxc1 Rxg4 36. Kb2 h5 37. a4 bxa4 38. b5 Nd7 39. Bf4 Rg2 40. Bg3 g5 41. b6 Nxb6 42. Nxb6 h4 43. Be5 Rxf2+ 44. Ka3 g4 0-1

[Event "EU-ch Seniors 65 18th"]
[Site "Drammen"]
[Date "2018.08.04"]
[Round "1"]
[White "Ogaard, Leif"]
[Black "Hewson, Brian Wr"]
[Result "1-0"]
[WhiteElo "2386"]
[BlackElo "2012"]
[PlyCount "75"]
[EventDate "2018.08.04"]
[EventType "swiss"]
[EventRounds "9"]
[EventCountry "NOR"]
[SourceTitle "CBM 186 Extra"]
[Source "ChessBase"]
[SourceDate "2018.08.24"]
[SourceVersion "1"]
[SourceVersionDate "2018.08.24"]
[SourceQuality "1"]

1. c4 e5 2. Nc3 Nc6 3. Nf3 Nf6 4. e3 Be7 5. a3 a5 6. Qc2 d6 7. Be2 Bg4 8. 0-0 Qd7 9. b3 0-0 10. Bb2 Rfe8 11. Rad1 Bf5 12. d3 h6 13. Nd5 Nxd5 14. cxd5 Nd8 15. e4 Bg4 16. h3 Bxf3 17. Bxf3 c5 18. Bg4 Qb5 19. Qc4 Qxc4 20. bxc4 Bg5 21. Bc3 g6 22. Rb1 h5 23. Bd7 Re7 24. Ba4 f5 25. Rb6 Nf7 26. Rfb1 Ra7 27. Bd1 fxe4 28. dxe4 Rd7 29. Ba4 Re7 30. g3 h4 31. gxh4 Bxh4 32. Bd1 Kg7 33. Bg4 Bf6 34. Kg2 Rc7 35. f3 Bd8 36. Rxd6 Re7 37. Re6 b6 38. f4 1-0

[Event "Oslo Sveins op 5th"]
[Site "Oslo"]
[Date "2012.06.25"]
[Round "6"]
[White "Ogaard, Leif"]
[Black "Meurs, Tom WA"]
[Result "1/2-1/2"]
[WhiteElo "2408"]
[BlackElo "2246"]
[PlyCount "56"]
[EventDate "2012.06.22"]
[EventType "swiss"]
[EventRounds "9"]
[EventCountry "NOR"]
[SourceTitle "CBM 149 Extra"]
[Source "ChessBase"]
[SourceDate "2012.08.24"]
[SourceVersion "1"]
[SourceVersionDate "2012.08.24"]
[SourceQuality "1"]

1. c4 e5 2. Nc3 Nf6 3. e3 Bb4 4. Nge2 0-0 5. a3 Be7 6. Qc2 c6 7. d4 exd4 8. Nxd4 d5 9. Nf5 Be6 10. cxd5 Nxd5 11. Nxe7+ Qxe7 12. Bd3 Nxc3 13. bxc3 h6 14. 0-0 Nd7 15. c4 f5 16. Bb2 Qf7 17. Bd4 c5 18. Bb2 Rad8 19. Rac1 Nb6 20. Rfe1 Rd7 21. Bf1 Rfd8 22. Qb3 Nc8 23. a4 Nd6 24. f3 b6 25. Be5 Nb7 26. Bc3 Nd6 27. Be5 Nb7 28. Bc3 Nd6 1/2-1/2

[Event "Oslo Sveins op 5th"]
[Site "Oslo"]
[Date "2012.06.22"]
[Round "8"]
[White "Ogaard, Leif"]
[Black "Ziska, Helgi Dam"]
[Result "1-0"]
[WhiteElo "2408"]
[BlackElo "2450"]
[PlyCount "81"]
[EventDate "2012.06.22"]
[EventType "swiss"]
[EventRounds "9"]
[EventCountry "NOR"]
[SourceTitle "CBM 149 Extra"]
[Source "ChessBase"]
[SourceDate "2012.08.24"]
[SourceVersion "1"]
[SourceVersionDate "2012.08.24"]
[SourceQuality "1"]

1. d4 Nf6 2. Nf3 g6 3. c4 Bg7 4. Nc3 0-0 5. e4 d6 6. Be2 e5 7. 0-0 Nc6 8. dxe5 dxe5 9. h3 Be6 10. Be3 Qxd1 11. Rfxd1 Rfd8 12. Nd5 Ne8 13. Bd3 h6 14. g4 Rd7 15. Nd2 Bf8 16. Nb3 Nb4 17. Nxb4 Bxb4 18. Be2 g5 19. Rxd7 Bxd7 20. c5 Be6 21. a3 Bxb3 22. axb4 c6 23. b5 cxb5 24. Bxb5 Nc7 25. Be2 Be6 26. Rd1 Kf8 27. b4 Ke7 28. b5 a6 29. b6 Nb5 30. Bxb5 axb5 31. c6 bxc6 32. Bc5+ Kf6 33. Rd6 Rh8 34. f3 Rc8 35. Kf2 Ke7 36. Ke3 f6 37. Kd2 Bd7 38. Kc3 Rb8 39. Kb4 Rb7 40. Ka5 Kf7 41. Rxd7+ 1-0

[Event "NOR-chT 0910"]
[Site "Norway"]
[Date "2010.01.09"]
[Round "5"]
[White "Ogaard, Leif"]
[Black "Thomassen, Joachim"]
[Result "1/2-1/2"]
[WhiteElo "2413"]
[BlackElo "2334"]
[PlyCount "93"]
[EventDate "2009.11.06"]
[EventType "team"]
[EventRounds "9"]
[EventCountry "NOR"]
[SourceTitle "EXT 2011"]
[Source "ChessBase"]
[SourceDate "2010.11.26"]
[SourceVersion "1"]
[SourceVersionDate "2010.11.26"]
[SourceQuality "1"]
[WhiteTeam "Oslo SS"]
[BlackTeam "Moss"]
[WhiteTeamCountry "NOR"]
[BlackTeamCountry "NOR"]

1. c4 g6 2. d4 Bg7 3. Nf3 Nf6 4. Nc3 0-0 5. e4 d6 6. Be2 e5 7. 0-0 Nc6 8. d5 Ne7 9. Nd2 a5 10. b3 Bd7 11. Ba3 Ne8 12. c5 dxc5 13. Bxc5 Nd6 14. Nc4 Nec8 15. Rc1 f5 16. a4 fxe4 17. Nd2 b6 18. Ba3 Rf4 19. g3 e3 20. fxe3 Rxf1+ 21. Nxf1 Qf6 22. Bg4 Bxg4 23. Qxg4 Qf5 24. Qe2 e4 25. Nd2 Ne7 26. Bxd6 cxd6 27. Ndxe4 Bxc3 28. Nxc3 Rc8 29. e4 Qe5 30. Qd3 Kg7 31. Rc2 Ng8 32. Nb5 Rxc2 33. Qxc2 Nf6 34. Qc7+ Kg8 35. Qxd6 Qa1+ 36. Kg2 Qb2+ 37. Kh3 g5 38. g4 Qxb3+ 39. Qg3 Qxg3+ 40. Kxg3 Nxe4+ 41. Kf3 Nc5 42. Nc3 Kf7 43. Ke3 Ke7 44. Kd4 Kd6 45. Nb5+ Kd7 46. Nc3 Kd6 47. Nb5+ 1/2-1/2

[Event "Oslo Sveins op 2nd"]
[Site "Oslo"]
[Date "2009.06.20"]
[Round "2"]
[White "Ogaard, Leif"]
[Black "Skrondal, Inge Sandstad"]
[Result "1-0"]
[WhiteElo "2403"]
[BlackElo "2204"]
[PlyCount "81"]
[EventDate "2009.06.19"]
[EventType "swiss"]
[EventRounds "9"]
[EventCountry "NOR"]
[SourceTitle "CBM 130 Extra"]
[Source "ChessBase"]
[SourceDate "2009.07.02"]
[SourceVersion "2"]
[SourceVersionDate "2009.07.15"]
[SourceQuality "1"]

1. c4 g6 2. d4 Nf6 3. Nc3 Bg7 4. Nf3 0-0 5. Bf4 d6 6. e3 c6 7. Be2 a6 8. 0-0 b5 9. a3 Nbd7 10. Rc1 Bb7 11. Nd2 d5 12. cxd5 cxd5 13. a4 b4 14. Na2 Qa5 15. Bc7 Nb6 16. Qb3 Nfd7 17. Nxb4 Qxa4 18. Qxa4 Nxa4 19. b3 Nab6 20. Nc6 Bxc6 21. Rxc6 Rfc8 22. Rfc1 a5 23. Bb5 Bf8 24. Nf3 e6 25. Ne1 Be7 26. Kf1 Bd8 27. Bd6 Nf6 28. f3 Rxc6 29. Rxc6 Rc8 30. Rc5 Ra8 31. Bc6 Ra6 32. Nd3 Nbd7 33. Rc3 Kg7 34. Ke2 Ne8 35. Ba3 Nef6 36. Bb5 Rb6 37. Ba4 Rb8 38. Bd6 Ra8 39. Nc5 Nb6 40. Bc6 Rc8 41. Bb7 1-0

[Event "Oslo Eikrem Memorial"]
[Site "Oslo"]
[Date "2009.04.08"]
[Round "5"]
[White "Kveinys, Aloyzas"]
[Black "Ogaard, Leif"]
[Result "1-0"]
[WhiteElo "2534"]
[BlackElo "2403"]
[PlyCount "95"]
[EventDate "2009.04.04"]
[EventType "tourn"]
[EventRounds "9"]
[EventCountry "NOR"]
[EventCategory "10"]
[SourceTitle "CBM 129 Extra"]
[Source "ChessBase"]
[SourceDate "2009.05.05"]
[SourceVersion "2"]
[SourceVersionDate "2009.05.20"]
[SourceQuality "1"]

1. d4 d5 2. c4 c6 3. Nf3 Nf6 4. e3 Bf5 5. Nc3 e6 6. Nh4 Be4 7. f3 Bg6 8. Qb3 Qc7 9. Bd2 Nbd7 10. 0-0-0 Be7 11. Nxg6 hxg6 12. Kb1 dxc4 13. Bxc4 Nb6 14. h3 Nxc4 15. Qxc4 Nd5 16. Ne4 0-0-0 17. Rc1 Kb8 18. Qa4 e5 19. Ba5 Nb6 20. Qb3 Rd5 21. Qxd5 cxd5 22. Rxc7 Kxc7 23. Nc3 exd4 24. Nxd5+ Kd6 25. Nxe7 Kxe7 26. Bxb6 axb6 27. exd4 Kd6 28. Kc2 Kd5 29. Re1 Rc8+ 30. Kd3 Kd6 31. h4 Kd7 32. a4 Kd6 33. b3 Kd7 34. Kd2 Kd6 35. Re5 Kd7 36. Rd5+ Kc6 37. Rg5 Rh8 38. g3 Kd6 39. Kd3 Kc6 40. f4 Kd6 41. Rb5 Kc6 42. Rg5 Kd6 43. Kc4 Rc8+ 44. Kb5 Rc3 45. b4 Rb3 46. h5 gxh5 47. Rxg7 Ke6 48. Rg5 1-0

[Event "NOR-chT 0809"]
[Site "Norway"]
[Date "2008.11.07"]
[Round "1"]
[White "Ogaard, Leif"]
[Black "Lie, Espen"]
[Result "0-1"]
[WhiteElo "2372"]
[BlackElo "2436"]
[PlyCount "148"]
[EventDate "2008.11.07"]
[EventType "team-tourn"]
[EventRounds "11"]
[EventCountry "NOR"]
[SourceTitle "EXT 2010"]
[Source "ChessBase"]
[SourceDate "2010.11.25"]
[SourceVersion "1"]
[SourceVersionDate "2010.11.25"]
[SourceQuality "1"]

1. d4 Nf6 2. c4 c5 3. d5 e6 4. Nc3 exd5 5. cxd5 d6 6. Nf3 g6 7. Nd2 Bg7 8. e4 0-0 9. Be2 Nbd7 10. 0-0 Re8 11. a4 a6 12. Qc2 Ne5 13. Ra3 g5 14. Nd1 Ng6 15. Ne3 Nf4 16. Bd1 Rb8 17. a5 b5 18. axb6 Rxb6 19. Ndc4 Rb8 20. f3 h6 21. Kh1 Ng6 22. Bd2 Nh5 23. Bc3 Bxc3 24. Qxc3 Ng7 25. Na5 Qc7 26. Nc6 Ra8 27. Nc4 Bd7 28. Ba4 Rf8 29. b4 Bxc6 30. Bxc6 cxb4 31. Qxb4 Rab8 32. Qxd6 Qa7 33. Raa1 Qd4 34. Rac1 Nf4 35. Rfd1 Nd3 36. Rxd3 Qxd3 37. Ne5 Qc2 38. Rg1 Rb1 39. h3 Rxg1+ 40. Kxg1 Qc1+ 41. Kh2 Qf4+ 42. Kg1 Nh5 43. Bd7 Qc1+ 44. Kh2 Qf4+ 45. Kg1 Qg3 46. Nxf7 Rxf7 47. Qg6+ Kf8 48. Qxh6+ Ng7 49. Be6 Qe1+ 50. Kh2 Qh4 51. Qg6 Qf4+ 52. Kg1 Rf6 53. Qh7 Qc1+ 54. Kh2 Qc7+ 55. Kg1 Nxe6 56. Qh8+ Ke7 57. dxe6 Qc1+ 58. Kh2 Qf4+ 59. Kg1 Rxe6 60. Qg7+ Ke8 61. Qg8+ Kd7 62. Qg7+ Re7 63. Qg6 a5 64. Qa6 Qc1+ 65. Kh2 Qc7+ 66. Kh1 Qc5 67. Qb7+ Ke6 68. Qa6+ Kf7 69. Qh6 Rd7 70. Qh7+ Ke8 71. Qg8+ Ke7 72. Qg7+ Kd8 73. Qf6+ Kc7 74. e5 Qc1+ 0-1

[Event "Oslo Johannessen Memorial"]
[Site "Oslo"]
[Date "2008.07.01"]
[Round "9"]
[White "Westerinen, Heikki MJ"]
[Black "Ogaard, Leif"]
[Result "1/2-1/2"]
[WhiteElo "2357"]
[BlackElo "2414"]
[PlyCount "54"]
[EventDate "2008.06.27"]
[EventType "swiss"]
[EventRounds "9"]
[EventCountry "NOR"]
[SourceTitle "CBM 125 Extra"]
[Source "ChessBase"]
[SourceDate "2008.09.01"]
[SourceVersion "1"]
[SourceVersionDate "2008.09.01"]
[SourceQuality "1"]

1. e4 c5 2. Nf3 e6 3. Nc3 a6 4. g3 d5 5. exd5 exd5 6. d4 Nc6 7. Bg2 cxd4 8. Nxd4 Bb4 9. 0-0 Bxc3 10. bxc3 Nge7 11. Ba3 0-0 12. c4 Re8 13. cxd5 Nxd5 14. Nxc6 bxc6 15. c4 Nc3 16. Qh5 Qb6 17. Rfe1 Rxe1+ 18. Rxe1 Be6 19. Qe5 Na4 20. Qd6 Rd8 21. Qe7 Rb8 22. Bd6 Ra8 23. Be4 Nc3 24. Bc5 Qd8 25. Bxc6 Qxe7 26. Bxe7 Rc8 27. Bd5 Nxd5 1/2-1/2

[Event "Oslo Johannessen Memorial"]
[Site "Oslo"]
[Date "2008.06.29"]
[Round "4"]
[White "Ogaard, Leif"]
[Black "Bjerke, Richard"]
[Result "1/2-1/2"]
[WhiteElo "2414"]
[BlackElo "2209"]
[PlyCount "100"]
[EventDate "2008.06.27"]
[EventType "swiss"]
[EventRounds "9"]
[EventCountry "NOR"]
[SourceTitle "CBM 125 Extra"]
[Source "ChessBase"]
[SourceDate "2008.09.01"]
[SourceVersion "1"]
[SourceVersionDate "2008.09.01"]
[SourceQuality "1"]

1. d4 d5 2. c4 c6 3. Nf3 Nf6 4. Qc2 dxc4 5. e4 Bg4 6. Bxc4 e6 7. Be3 Nbd7 8. Nc3 Be7 9. Nd2 Bh5 10. f3 Bg6 11. Qb3 b5 12. Be2 a6 13. a4 0-0 14. 0-0 b4 15. Na2 c5 16. Rfc1 cxd4 17. Bxd4 Nc5 18. Qe3 Nxa4 19. b3 Nc3 20. Nxc3 bxc3 21. Bxc3 Nd7 22. Ra5 Rc8 23. Kf1 Qxa5 24. Bxa5 Rxc1+ 25. Bd1 Rxd1+ 26. Ke2 Ra1 27. Bc3 Ra2 28. Qa7 Bf6 29. Bxf6 Nxf6 30. Ke3 h6 31. g4 Rd8 32. Nc4 Rd1 33. h4 h5 34. gxh5 Bxh5 35. Ne5 Ra3 36. Qb8+ Kh7 37. Qb4 Ra2 38. Qb7 Rb2 39. Kf4 a5 40. Nxf7 Bxf7 41. Qxf7 Rh1 42. Qxe6 Rxh4+ 43. Kg3 Rh5 44. e5 Re2 45. f4 Ne4+ 46. Kf3 Rhh2 47. Qf5+ Kh6 48. Qc8 Kh7 49. Qf5+ Kh6 50. Qc8 Kh7 1/2-1/2

[Event "Oslo Johannessen Memorial"]
[Site "Oslo"]
[Date "2008.06.28"]
[Round "2"]
[White "Ogaard, Leif"]
[Black "Snellingen, Jorn"]
[Result "1-0"]
[WhiteElo "2414"]
[BlackElo "1932"]
[PlyCount "69"]
[EventDate "2008.06.27"]
[EventType "swiss"]
[EventRounds "9"]
[EventCountry "NOR"]
[SourceTitle "CBM 125 Extra"]
[Source "ChessBase"]
[SourceDate "2008.09.01"]
[SourceVersion "1"]
[SourceVersionDate "2008.09.01"]
[SourceQuality "1"]

1. Nf3 Nf6 2. c4 e6 3. Nc3 Nc6 4. d4 Bb4 5. Qc2 0-0 6. e4 d6 7. Be3 Bxc3+ 8. bxc3 e5 9. d5 Ne7 10. h3 b6 11. Be2 Nd7 12. 0-0 Nc5 13. Nd2 f5 14. f4 Ng6 15. fxe5 Nxe5 16. exf5 a5 17. Rf4 Qe7 18. Bd4 Ng6 19. Rf2 Bxf5 20. Qd1 Bd3 21. Bxc5 Rxf2 22. Bxd3 Rxd2 23. Qxd2 bxc5 24. Bxg6 hxg6 25. Re1 Qf6 26. Re6 Qf5 27. Re7 Rb8 28. Qe3 Rf8 29. Rxc7 Qf1+ 30. Kh2 Qf4+ 31. Qg3 Qxc4 32. Qxd6 Qxc3 33. Rxc5 Qd2 34. Rc4 Qxa2 35. Qe6+ 1-0

[Event "NOR-chT Ishav 0708"]
[Site "Oslo"]
[Date "2008.01.12"]
[Round "5"]
[White "Tisdall, Jonathan D"]
[Black "Ogaard, Leif"]
[Result "1/2-1/2"]
[WhiteElo "2364"]
[BlackElo "2402"]
[PlyCount "121"]
[EventDate "2007.11.09"]
[EventType "team-swiss"]
[EventRounds "9"]
[EventCountry "NOR"]
[SourceTitle "EXT 2010"]
[Source "ChessBase"]
[SourceDate "2010.11.25"]
[SourceVersion "1"]
[SourceVersionDate "2010.11.25"]
[SourceQuality "1"]

1. d4 Nf6 2. Nf3 d5 3. c4 e6 4. Nc3 Nbd7 5. cxd5 exd5 6. Bf4 c6 7. Qc2 Be7 8. g4 Nxg4 9. Rg1 Nf8 10. e3 Ng6 11. h3 Nf6 12. Be5 Bd6 13. 0-0-0 Qe7 14. Bd3 Bxe5 15. Nxe5 Nxe5 16. dxe5 Qxe5 17. Rxg7 Bxh3 18. Rdg1 h5 19. R1g5 Qe7 20. Ne2 Ne4 21. Bxe4 dxe4 22. Rg8+ Kd7 23. R8g7 Kc7 24. Nf4 Be6 25. Qxe4 Rae8 26. Nxe6+ Kc8 27. Qf4 Qxe6 28. Rxf7 Re7 29. Rgg7 Rhe8 30. Rxe7 Rxe7 31. Rxe7 Qxe7 32. Qf5+ Qd7 33. Qxh5 Qd3 34. Qd1 Qc4+ 35. Kb1 a5 36. a3 b5 37. Qc2 Qf1+ 38. Ka2 Kc7 39. f4 a4 40. Qe4 Qd1 41. Qe5+ Kb7 42. Qg7+ Ka6 43. Qd4 Qc2 44. Qc3 Qe4 45. Qc5 Kb7 46. Qc3 Qd5+ 47. Kb1 c5 48. Kc2 Kb6 49. Qf6+ Ka5 50. Qg7 Ka6 51. Qg6+ Kb7 52. Qd3 Qg2+ 53. Kc1 Qg1+ 54. Kd2 Qg2+ 55. Qe2 Qd5+ 56. Kc1 Kb6 57. Qd2 Qc4+ 58. Kb1 Qe4+ 59. Ka1 Qc4 60. Qc3 Qd5 61. Qf6+ 1/2-1/2

[Event "NOR-chT Ishav 0708"]
[Site "Oslo"]
[Date "2007.11.09"]
[Round "1"]
[White "Ogaard, Leif"]
[Black "Lahlum, Hans Olav"]
[Result "1-0"]
[WhiteElo "2402"]
[BlackElo "2148"]
[PlyCount "91"]
[EventDate "2007.11.09"]
[EventType "team-swiss"]
[EventRounds "9"]
[EventCountry "NOR"]
[SourceTitle "EXT 2010"]
[Source "ChessBase"]
[SourceDate "2010.11.25"]
[SourceVersion "1"]
[SourceVersionDate "2010.11.25"]
[SourceQuality "1"]

1. Nf3 d5 2. d4 e6 3. c4 c6 4. Qc2 dxc4 5. Qxc4 b5 6. Qc2 Bb7 7. e4 Nf6 8. Bd3 Qb6 9. Nc3 a6 10. e5 Nd5 11. Nxd5 cxd5 12. 0-0 Nc6 13. Qe2 Be7 14. Rd1 h6 15. Be3 b4 16. Nd2 a5 17. Qg4 g6 18. h4 h5 19. Qf4 Ba6 20. Bxa6 Qxa6 21. Rac1 Rc8 22. Nb3 Qb6 23. Rc2 a4 24. Nc5 Bxc5 25. Qf6 Rg8 26. Rxc5 Qd8 27. Qf3 Ne7 28. Rxc8 Qxc8 29. Rc1 Qb7 30. Qf6 Kd7 31. Bg5 Re8 32. Qxf7 Qb6 33. Rc5 Qa6 34. Bxe7 Rxe7 35. Rc7+ Kxc7 36. Qxe7+ Kc8 37. Qxb4 Qe2 38. g3 Qe4 39. Qxa4 Qb1+ 40. Kg2 Qxb2 41. Qc6+ Kb8 42. Qxe6 Qxd4 43. Qd6+ Kc8 44. e6 Qe4+ 45. Kh2 Qc2 46. Qf8+ 1-0